000 00380nam a22001697a 4500
005 20160620160245.0
008 160620b xxu||||| |||| 00| 0 eng d
020 _a978-81-261-1813-4
041 _aeng
082 _b8596
100 _aBholla. U.K
_92297
245 _aWorking Capital Management
260 _bAnmol
300 _a994
650 _aManagement
_9241
942 _cBK
999 _c3316
_d3315